000 00668nam a2200205Ia 4500
003 GCL
008 140319s9999 xx 000 0 ara d
040 _aGCL /
_cGCL
082 0 4 _a370.1962
_bط د
100 1 _aطلعت عبدالحميد فايق
245 1 0 _aدراسة تحليلية للفكر التربوى فى مصر من 1952 حتى 1970 /
_cطلعت عبدالحميد فايق
260 _a[S.N] :
_bالهيئة المصرية العامة للكتاب ،
_c1986
300 _a243 ص
490 _a
650 0 4 _aمصر
650 0 4 _aالتعليم
650 0 4 _aالتربية
650 0 4 _aعلم النفس التربوى
942 _2ddc
_cBK
999 _c30599
_d30599